India ako významné svetové hospodárske centrum a jej vplyv na globálne podnikanie bakalárska práca

Enregistré dans:
Détails bibliographiques
Auteur principal: Zemanová, Katarína
Collectivité auteur: Obchodná fakulta EU. Katedra medzinárodného obchodu
Autres auteurs: Lazový, Pavol
Format: Livre
Langue:slovaque
Publié: Bratislava 2009
Tags: Ajouter un tag
Pas de tags, Soyez le premier à ajouter un tag!

MARC

LEADER 00000nam$a2200000$$$4500
001 0104339
005 20240318133647.5
041 0 |a slo 
044 |a SK 
245 1 0 |a India ako významné svetové hospodárske centrum a jej vplyv na globálne podnikanie  |b bakalárska práca  |c Katarína Zemanová ; škol. Pavol Lazový 
264 1 |a Bratislava  |c 2009 
300 |a 54 s. 
100 1 |a Zemanová, Katarína 
700 1 |a Lazový, Pavol 
710 2 |a Obchodná fakulta EU. Katedra medzinárodného obchodu